al-Mawqiʻ al-strātījī al-ʻArabī, (Record no. 49250)

MARC details
000 -LEADER
fixed length control field 00776cam a22002411 4500
001 - CONTROL NUMBER
control field ne 66002018
003 - CONTROL NUMBER IDENTIFIER
control field DLC
005 - DATE AND TIME OF LATEST TRANSACTION
control field 20260227111827.0
008 - FIXED-LENGTH DATA ELEMENTS--GENERAL INFORMATION
fixed length control field 890106s1966 sy b 000 0 ara c
010 ## - LIBRARY OF CONGRESS CONTROL NUMBER
LC control number ne 66002018
035 ## - SYSTEM CONTROL NUMBER
System control number (OCoLC)18978121
040 ## - CATALOGING SOURCE
Original cataloging agency Princeton Univ. Libr.
Transcribing agency TxU
Modifying agency TxU
-- DLC
042 ## - AUTHENTICATION CODE
Authentication code premarc
050 00 - LIBRARY OF CONGRESS CALL NUMBER
Classification number DS63
Item number .K47
100 1# - MAIN ENTRY--PERSONAL NAME
Personal name Kīlānī, Haytham.
245 13 - TITLE STATEMENT
Title al-Mawqiʻ al-strātījī al-ʻArabī,
Statement of responsibility, etc. taʼlīf Haytham al-Kīlānī.
260 ## - PUBLICATION, DISTRIBUTION, ETC.
Place of publication, distribution, etc. [Dimashq,
Name of publisher, distributor, etc. Wizarāt al-Thaqāfah wa-al-Irshād al-Qawmī,
Date of publication, distribution, etc. 1966]
300 ## - PHYSICAL DESCRIPTION
Extent 303 p.
Dimensions 20 cm.
440 #0 - SERIES STATEMENT/ADDED ENTRY--TITLE
Title Silsilat kutub qawmīyah,
Volume/sequential designation 6
651 #0 - SUBJECT ADDED ENTRY--GEOGRAPHIC NAME
Geographic name Arab countries
General subdivision Economic conditions.
651 #0 - SUBJECT ADDED ENTRY--GEOGRAPHIC NAME
Geographic name Arab countries
General subdivision Military policy.
651 #0 - SUBJECT ADDED ENTRY--GEOGRAPHIC NAME
Geographic name Arab countries
General subdivision Foreign relations.

No items available.

Powered by Koha